Mélanges religion, philosophie, politique, jurisprudence, biographies, discours, voyages / (Record no. 161205)

MARC details
000 -LEADER
campo de control de longitud fija 00844nam a2200193 i 4500
001 - NÚMERO DE CONTROL
campo de control 161205
003 - IDENTIFICADOR DE NÚMERO DE CONTROL
campo de control ES-MaACL
005 - FECHA Y HORA DE LA ÚLTIMA TRANSACCIÓN
campo de control 20230906212221.0
008 - DATOS DE LONGITUD FIJA--INFORMACIÓN GENERAL
campo de control de longitud fija 981002s1855 fr |||| | fre d
040 ## - FUENTE DE CATALOGACIÓN
Centro catalogador/agencia de origen CAM
Lengua de catalogación spa
Centro/agencia transcriptor CAM
100 0# - ENTRADA PRINCIPAL--NOMBRE DE PERSONA
Nombre de persona Federico Ozanam
Títulos y otros términos asociados al nombre Beato.
9 (RLIN) 88069
245 10 - MENCIÓN DEL TÍTULO
Título Mélanges religion, philosophie, politique, jurisprudence, biographies, discours, voyages /
Mención de responsabilidad, etc. par A.F. Ozanam.
260 ## - PUBLICACIÓN, DISTRIBUCIÓN, ETC.
Lugar de publicación, distribución, etc. Paris :
Nombre del editor, distribuidor, etc. Jacques Lecoffre et c\pie\s,
Fecha de publicación, distribución, etc. 1855 (
Fabricante Imp. Simon Raçon)
300 ## - DESCRIPCIÓN FÍSICA
Extensión 2 v. ([4], 520; 595 p.) ;
Dimensiones 21 cm.
490 1# - MENCIÓN DE SERIE
Mención de serie Oeuvres completes de A.F. Ozanam; 7; 8
830 0# - PUNTO DE ACCESO ADICIONAL DE SERIE-TÍTULO UNIFORME
Título uniforme Oeuvres completes de A.F. Ozanam; 7; 8
9 (RLIN) 222092
852 ## - LOCALIZACIÓN
Ubicación ES-MaACL
Número de control de estantería G-8324-25
Nota libre -- Enc. hol.
Encuadernación -- Edic.: El imp. es: Imp. Simon Raçon et comp. -- En la antep. consta la serie: (Oeuvres completes de A.F. Ozanam; 7; 8)
Holdings
Estatus retirado Estado de pérdida Estado de daño No para préstamo Colección Biblioteca de origen Biblioteca actual Ubicación en estantería Fecha de adquisición Total de préstamos Signatura topográfica completa Código de barras Visto por última vez Precio de reemplazo Tipo de ítem Koha
        Libros del s. XIX Biblioteca del Ateneo de Madrid Biblioteca del Ateneo de Madrid Sala Pecera Planta 3 17/01/2008   G-8324-25 1168849 23/02/2023 23/02/2023 Libro impreso antiguo